000 01191nam a2200229Ia 4500
001 L266-21411
003 IT-CnALBA
008 170116s9999||||xx |||||||||||||| ||und||
040 _aIT-CnALBA
_cIT-CnALBA
041 _aITALIANO
100 _aSHORTER AYLWARD, PADRE BIANCO
245 0 _aTEOLOGIA DELLA MISSIONE.
250 _a1a ed.
260 _aCINISELLO BALSAMO (MI)
_bEDIZIONI PAOLINE
_c1971 [1° Ed.:1971]
300 _a158 p. (prefazione: 7)
500 _aTRADUZIONE DALL'INGLESE DI D. VALENTE. SVILUPPO, NOME NUOVO DELLA PACE. L'EPOCA DELLE MISSIONI ESTERE. RIVELAZIONE DELL'ANTICO TESTAMENTO E MISSIONE DELLA CHIESA. TEOLOGIA DELLO SVILUPPO. PERSONA UMANA. CULTURE UMANE. UNIVERSALITÀ. RELIGIONI E SALVEZZA. P
501 _aSocietà San Paolo EM - Piazza San Paolo, 14 - 12051 ALBA (CN) (non commercial uses only) ® Copyright 2017
520 _aTRADUZIONE DALL'INGLESE DI D. VALENTE. SVILUPPO, NOME NUOVO DELLA PACE. L'EPOCA DELLE MISSIONI ESTERE. RIVELAZIONE DELL'ANTICO TESTAMENTO E MISSIONE DELLA CHIESA. TEOLOGIA DELLO SVILUPPO. PERSONA UMANA. CULTURE UMANE. UNIVERSALITÀ. RELIGIONI E SALVEZZA. P
650 _aMISSIONOLOGIA
942 _cBK
957 _71
999 _a26151
_bNO
_g Copie: 1
_c280514
_d280514